| 000 | 00347nam a2200145Ia 4500 | ||
|---|---|---|---|
| 008 | 230917s9999||||xx |||||||||||||| ||und|| | ||
| 040 |
_e199808 _aMAIN |
||
| 041 | _aEnglish | ||
| 082 | _a823.7 D555H | ||
| 100 | _aDickens, Charles | ||
| 245 | 0 | _aHard times | |
| 260 |
_aHyderabad _bOrient Blackswan _c2010 |
||
| 300 | _axx, 169 p. | ||
| 942 | _cBK | ||
| 999 |
_c160628 _d160628 |
||